Online
Catalog
Normal view MARC view

Entry Nombre personal

Number of records used in: 5

001 - NÚMERO DE CONTROL

  • campo de control: 7021

003 - IDENTIFICADOR DEL NÚMERO DE CONTROL

  • campo de control: BNPHU

005 - FECHA Y HORA DE LA ÚLTIMA TRANSACCIÓN

  • campo de control: 20240228130646.0

008 - DATOS DE LONGITUD FIJA

  • campo de control de longitud fija: 200615|| aca||aabn | a|a d

040 ## - FUENTE DE LA CATALOGACIÓN

  • Centro catalogador/agencia de origen: DO-SdBNP
  • Lengua de catalogación: spa
  • Centro/agencia transcriptor: BNPHU
  • Normas de descripción: rda

100 1# - ENCABEZAMIENTO-NOMBRE DE PERSONA

  • Nombre de persona: Romero, Santo

370 ## - LUGAR ASOCIADO

  • Lugar de nacimiento: República Dominicana

374 ## - OCUPACIÓN

  • Ocupación: Maestro

375 ## - GÉNERO/SEXO

  • Género/Sexo: Masculino

377 ## - LENGUA/LENGUAJE ASOCIADO

  • Código del idioma: spa

400 1# - TRAZADO DE VÉASE--NOMBRE DE PERSONA

  • Nombre de persona: Santo Romero

670 ## - FUENTE DE DATOS ENCONTRADOS

  • Cita de la fuente: Romero, Santo, Raíces etnico-culturales y divisiones territoriales de nuestra isla /, 2008.

670 ## - FUENTE DE DATOS ENCONTRADOS

  • Cita de la fuente: Romero, Santo, Dios y educación, 2020

Powered by Koha